000 00449nam a2200181Ia 4500
008 090124s9999 xx 000 0 und d
082 _b28814
_a7183
100 _aशेळके उध्दव ज.
245 _a धग
250 _a1
260 _c1960
300 _a274
600 _aशेळके उध्दव ज.
630 _a धग
700 _aशेळके उध्दव ज.
730 _a धग
942 _cBOOK
999 _c142268
_d142268